00538nam a2200193 a 4500001001300000003000900013005001700022008004100039020002300080082001500103100002200118245003600140260004500176300000900221500003500230505003700265650002000302700002200322nice12345678IN_TiNIC20260116013917.0050524s1995 dela grp 000 0 eng  a8170182 c28000a305.4bSAM aSamuel, M Johnson aLife Cycle and Female Migration aDelhibB.R.Publishing Corporation c1995 a265p aincludes index and biblioraphy2 aReprint. Originally Pub. in 1904 aWomen-Migration1 aSamuel, M Johnson